[Event "Bad Ragaz op"]
[Site "?"]
[Date "1993.??.??"]
[Round "3"]
[White "Gheorghiu, Florin"]
[Black "Erismann, Peter"]
[Result "1-0"]
[WhiteElo "2460"]
[BlackElo "2250"]

1.d4 d5 2.c4 dxc4 3.e4 e5 4.Nf3 exd4 5.Qxd4 Qxd4 6.Nxd4 Bb4+ 7.Nc3 Nf6 8.f3 c6
9.Bxc4 Nbd7 10.Bd2 Nb6 11.Be2 O-O 12.a3 Be7 13.Be3 Ne8 14.a4 Nc7 15.a5 Nd7
16.a6 Nxa6 17.Bxa6 bxa6 18.Nxc6 Bc5 19.Bxc5 Nxc5 20.b4 Nd3+ 21.Kd2 Nf4 22.g3 Ne6
23.Ke3 Bb7 24.Ne7+ Kh8 25.Rhd1 Rfd8 26.Na4 Rxd1 27.Rxd1 Rd8 28.Rxd8+ Nxd8
29.Nc5 g6 30.Kd4 Kg7 31.Ke5 Nc6+ 32.Nxc6 Bxc6 33.Nxa6 g5 34.Nc5 Bb5 35.Nb3 a6
36.Nd4 Bc4 37.Kd6 Kg6 38.Ke7 Bd3 39.Nc6 Be2 40.Ne5+ Kg7 41.Nxf7  1-0

[Event "Wch Seniors (Women)"]
[Site "Bad Wildbad"]
[Date "1993.??.??"]
[Round "8"]
[White "Donnelly, Ruth A"]
[Black "Winter, Irene"]
[Result "1-0"]
[WhiteElo "2030"]
[BlackElo "2010"]

1.d4 d5 2.c4 dxc4 3.e4 e5 4.Nf3 Bb4+ 5.Bd2 Bxd2+ 6.Nbxd2 Nf6 7.Bxc4 O-O 8.O-O Bg4
9.Qb3 Nc6 10.dxe5 Bxf3 11.Nxf3 Ng4 12.e6 Nge5 13.Nxe5 Nxe5 14.exf7+ Nxf7
15.e5 Qe7 16.Rae1 c6 17.Qe3 Kh8 18.f4 Nh6 19.Bd3 Rad8 20.f5 Ng4 21.Qg3 Qc5+
22.Kh1 Qd4 23.e6 Rd6 24.Rf4 Qxd3 25.Qxd3 Rxd3 26.Rxg4 Re8 27.Rf4 Re7 28.g4 Rd2
29.g5 Kg8 30.f6 Rc7 31.e7  1-0

[Event "Oberliga Bayern9394"]
[Site "Bayern"]
[Date "1993.??.??"]
[Round "?"]
[White "Wachinger, Guenther"]
[Black "Gazmaga, Stefan"]
[Result "1/2-1/2"]
[WhiteElo "2260"]
[BlackElo "2250"]

1.d4 d5 2.c4 dxc4 3.e4 Nf6 4.e5 Nd5 5.Bxc4 Nb6 6.Bb3 Nc6 7.Nf3 Bf5 8.Nc3 e6
9.O-O Qd7 10.h3 O-O-O 11.Be3 h6 12.a4 a5 13.Bc2 Bxc2 14.Qxc2 Kb8 15.b3 Nb4
16.Qe2 N6d5 17.Ne4 b6 18.Rac1 Qc8 19.Nfd2 Qa6 20.Nc4 Be7 21.Rfd1 Rhe8 22.Bd2 Bf8
23.Qf3 Rd7 24.Be1 Red8 25.h4 Qb7 26.Ne3 Nc6 27.Nxd5 Rxd5 28.Rxc6 Qxc6 29.Nc3 Qe8
30.Nxd5 Rxd5 31.Bc3 Qd7 32.Rc1 Ka7 33.Qg4 Kb7 34.h5 Kc8 35.Bb2 Kd8 36.Qe2 Be7
37.Qa6 Qc8 38.Qc4 Qd7 39.Qa6 Bg5 40.Qa8+ Qc8 41.Qxc8+ Kxc8 42.Rc4 Be7 43.Kf1 Kb7
44.Ke2 c6 45.f4 b5 46.Rc2 f5 47.Kd3 Rd8 48.g4 fxg4 49.Rg2 Bf8 50.Rxg4 bxa4
51.bxa4 Kc7 52.Bc3 Ra8 53.Ke4 Kd7 54.f5 exf5+ 55.Kxf5 Rb8 56.e6+ Ke8 57.d5 cxd5
58.Bxa5 Rb1 59.Bc3 Rh1 60.Kg6 Rc1 61.Bxg7 Bxg7 62.Kxg7 Ke7 63.Kxh6 Rc4 64.Rg1 Rxa4  1/2-1/2

[Event "Beijing op"]
[Site "Beijing"]
[Date "1993.??.??"]
[Round "2"]
[White "Peng, Zhaoqin"]
[Black "Lin Ta"]
[Result "1/2-1/2"]
[WhiteElo "2335"]
[BlackElo "2410"]

1.d4 d5 2.c4 dxc4 3.e4 Nc6 4.Nf3 Bg4 5.Bxc4 Bxf3 6.Qxf3 e6 7.d5 Ne5 8.Bb5+ c6
9.Qc3 cxb5 10.Qxe5 Qf6 11.Qc7 Qe7 12.Qxe7+ Bxe7 13.Nc3 a6 14.dxe6 fxe6 15.Ke2 Nf6
16.e5 Nd7 17.f4 Nc5 18.Be3 b4 19.Nd1 O-O 20.Rc1 Rac8 21.Nf2 b3 22.Bxc5 Rxc5
23.Rxc5 Bxc5 24.Nd3 Bd4 25.axb3 Rc8 26.Kd2 Rd8 27.Rc1 Rd7 28.Ke2 h5 29.h3 Kf7
30.b4 h4 31.b3 Kg6 32.Ne1 Kf5 33.Nf3 Kxf4 34.Rc4 Ke4 35.Nxh4 Kxe5 36.Nf3+ Ke4
37.Ng5+ Kf5 38.Nf3 Bb2 39.g4+ Kf6 40.h4 Ba3 41.g5+ Kf5  1/2-1/2

[Event "Benasque op"]
[Site "Benasque"]
[Date "1993.??.??"]
[Round "5"]
[White "Forintos, Gyozo V"]
[Black "Cifuentes Parada, Roberto"]
[Result "0-1"]
[WhiteElo "2410"]
[BlackElo "2495"]

1.d4 d5 2.c4 dxc4 3.e4 c5 4.d5 e6 5.Bxc4 Nf6 6.Nc3 exd5 7.Nxd5 Nxd5 8.Bxd5 Be7
9.Qb3 O-O 10.Bxb7 c4 11.Qb5 a6 12.Qxc4 Bxb7 13.Ne2 Nd7 14.Nc3 Ne5 15.Qb3 Nd3+
16.Ke2 Nc5 17.Qc2 Qd4 18.f3 Qc4+ 19.Kf2 Nd3+ 20.Kg3 f5  0-1

[Event "Berliner Sommer"]
[Site "Berlin"]
[Date "1993.??.??"]
[Round "8"]
[White "Ruzele, Darius"]
[Black "Meins, Gerlef"]
[Result "1/2-1/2"]
[WhiteElo "2500"]
[BlackElo "2430"]

1.d4 d5 2.c4 dxc4 3.e4 e5 4.Nf3 exd4 5.Bxc4 Bb4+ 6.Nbd2 Nc6 7.O-O Qf6 8.e5 Qg6
9.a3 Be7 10.Qb3 Nh6 11.Re1 O-O 12.Bd3 Bf5 13.Bxf5 Nxf5 14.Qxb7 Rab8 15.Qa6 Nxe5
16.Qxa7 Nd3 17.Rf1 Bc5 18.Qa5 Ne3 19.fxe3 dxe3 20.Kh1 e2 21.Re1 Nf2+ 22.Kg1 Nh3+
23.Kh1 Nf2+ 24.Kg1 Nh3+ 25.Kh1 Nf2+  1/2-1/2

[Event "Bern op"]
[Site "Bern"]
[Date "1993.??.??"]
[Round "3"]
[White "Flear, Glenn C"]
[Black "Kamber, Bruno"]
[Result "1/2-1/2"]
[WhiteElo "2510"]
[BlackElo "2340"]

1.d4 d5 2.c4 dxc4 3.e4 c5 4.d5 Nf6 5.Nc3 e6 6.Bxc4 exd5 7.exd5 a6 8.Bf4 Bd6
9.Qe2+ Kf8 10.Bg5 Nbd7 11.Nf3 h6 12.Bh4 Qe8 13.Qxe8+ Nxe8 14.O-O-O Nb6 15.Bd3 Bg4
16.Bg3 Rd8 17.Rhe1 Nc8 18.Ne4 Bxg3 19.hxg3 Ncd6 20.Rd2 Nxe4 21.Bxe4 Nd6 22.Ne5 h5
23.f3 Re8 24.Bd3 Bc8 25.Rc2 c4 26.Bxc4 Bf5 27.Rc3 f6 28.f4 fxe5 29.fxe5 Nxc4
30.Rxc4 Rc8 31.Rxc8+ Bxc8 32.Kd2 Ke7 33.Rc1 Rd8 34.Rc7+ Kf8 35.Ke3 Bf5 36.Kf4 g6
37.Kg5 Rxd5 38.Kf6 Ke8 39.e6 Be4 40.Rc8+ Rd8 41.Rc7 Rd5 42.Rc8+ Rd8 43.Rc7 Rd5  1/2-1/2

[Event "Bratislava op"]
[Site "Bratislava"]
[Date "1993.??.??"]
[Round "2"]
[White "Kopjonkin, Gennady"]
[Black "Ciuksyte, Dagne"]
[Result "1-0"]
[WhiteElo "2390"]
[BlackElo "2105"]

1.d4 d5 2.c4 dxc4 3.e4 e5 4.Nf3 Bb4+ 5.Bd2 Bxd2+ 6.Nbxd2 exd4 7.Bxc4 Nh6
8.O-O O-O 9.Nb3 Qe7 10.Qxd4 Nc6 11.Qe3 Ng4 12.Qf4 Nce5 13.Nxe5 Nxe5 14.Be2 f5
15.exf5 Bxf5 16.Qe3 Rab8 17.Qxa7 b6 18.Rac1 Be4 19.Qxc7 Qg5 20.g3 Nf3+ 21.Bxf3 Bxf3
22.Rfe1 Qf5 23.Qe5 Qd3 24.Rc7 Qg6 25.Re7 Kh8 26.Nd4 Ba8 27.Ne6  1-0

[Event "Spring op"]
[Site "Budapest"]
[Date "1993.??.??"]
[Round "3"]
[White "Demir, Gokhan"]
[Black "Varga, Zoltan"]
[Result "0-1"]
[WhiteElo "2185"]
[BlackElo "2450"]

1.d4 d5 2.c4 dxc4 3.e4 Nf6 4.e5 Nd5 5.Bxc4 Nb6 6.Bd3 Nc6 7.Ne2 Be6 8.Nbc3 Nb4
9.Be4 c6 10.O-O Qd7 11.Be3 f5 12.exf6 exf6 13.Nf4 Bf7 14.Nh5 f5 15.Bb1 O-O-O
16.Bg5 Re8 17.Qf3 Bxh5 18.Qxh5 g6 19.Qh4 Be7 20.a3 N4d5 21.Ba2 Nxc3 22.bxc3 Bxa3
23.Rfb1 Re4 24.Qh3 Rhe8 25.Qd3 Bb2 26.Qxe4 Rxe4 27.Rxb2 c5 28.f3 Re8 29.Rxb6 axb6
30.Bb3 b5 31.dxc5 Qc7 32.Bf6 Qf4 33.h4 Qd2 34.Kh2 Re2 35.Rg1 h6 36.c4 bxc4
37.Ba4 g5  0-1

[Event "Budapest FS08 IM"]
[Site "Budapest"]
[Date "1993.??.??"]
[Round "4"]
[White "Korpics, Zsolt"]
[Black "Dolgener, Tobias"]
[Result "0-1"]
[WhiteElo "2330"]
[BlackElo "2235"]

1.d4 d5 2.c4 dxc4 3.e4 e5 4.Nf3 Bb4+ 5.Bd2 Bxd2+ 6.Nbxd2 exd4 7.Bxc4 Nc6
8.O-O Qf6 9.e5 Qg6 10.Nh4 Qh6 11.Qf3 Be6 12.Bxe6 fxe6 13.Qg3 Qxd2 14.Qxg7 O-O-O
15.Qxh8 Qh6 16.Nf3 Rf8 17.g4 Rxf3 18.Qxg8+ Rf8 19.Qxf8+ Qxf8 20.f4 Qc5 21.Kf2 Qd5
22.Kg3 d3 23.h4 Nd4 24.Rad1 Qe4  0-1

[Event "Budapest FS12 IM-B"]
[Site "Budapest"]
[Date "1993.??.??"]
[Round "9"]
[White "Pesztericz, Laszlo"]
[Black "Skomorokhin, Roman"]
[Result "0-1"]
[WhiteElo "2280"]
[BlackElo "2460"]

1.d4 d5 2.c4 dxc4 3.e4 Nc6 4.Nf3 Bg4 5.Bxc4 e6 6.d5 exd5 7.exd5 Qe7+ 8.Be3 O-O-O
9.O-O Bxf3 10.Qxf3 Ne5 11.Qf5+ Kb8 12.Bb3 Nh6 13.Qe4 Neg4 14.Qxe7 Bxe7 15.Bd4 Nf5
16.Bc3 Bc5 17.Nd2 Rhe8 18.Bc4 Nd4 19.Rae1 Ne5 20.b3 Nxc4 21.Ne4 Nd6  0-1

[Event "Buenos Aires Najdorf"]
[Site "Buenos Aires"]
[Date "1993.??.??"]
[Round "6"]
[White "Shirov, Alexei"]
[Black "Spangenberg, Hugo"]
[Result "1/2-1/2"]
[WhiteElo "2670"]
[BlackElo "2505"]

1.d4 d5 2.c4 dxc4 3.e4 e5 4.Nf3 exd4 5.Bxc4 Bb4+ 6.Bd2 Bxd2+ 7.Nbxd2 Qf6
8.O-O Ne7 9.e5 Qg6 10.Nxd4 Nbc6 11.N2f3 O-O 12.e6 fxe6 13.Nb5 Kh8 14.Nxc7 Rb8
15.Qe2 Nd5 16.Nxd5 exd5 17.Bxd5 Bg4 18.Qe4 Qh5 19.Qc4 Na5 20.Qb4 Nc6 21.Qc4 Na5
22.Qa4 b5 23.Qb4 Nc4 24.Rad1 a5 25.Qc3 Rbd8 26.h3 Bxh3 27.Bxc4 Qg4 28.g3 Rxd1
29.Rxd1 bxc4 30.Rd4 Qf5 31.Rf4 Qb1+ 32.Qe1  1/2-1/2

[Event "Buenos Aires FMD op"]
[Site "Buenos Aires"]
[Date "1993.??.??"]
[Round "8"]
[White "Sorin, Ariel"]
[Black "Spangenberg, Hugo"]
[Result "1-0"]
[WhiteElo "2435"]
[BlackElo "2535"]

1.d4 d5 2.c4 dxc4 3.e4 e5 4.Nf3 exd4 5.Bxc4 Bb4+ 6.Nbd2 Nc6 7.O-O Nf6 8.e5 Nd5
9.Nb3 Nb6 10.Bg5 Be7 11.Bxe7 Qxe7 12.Bb5 Bd7 13.Bxc6 Bxc6 14.Nfxd4 Bd5 15.Qg4 g6
16.Rfe1 Nd7 17.Rac1 c6 18.f4 O-O 19.Nf5 Qd8 20.Nc5 Kh8 21.Nh6 f5 22.Qh3 Qe7
23.Nd3 Be6 24.b3 Nb6 25.g4 fxg4 26.Qg3 Qd8 27.Nc5 Qd4+ 28.Qe3 Qxe3+ 29.Rxe3 Rae8
30.Nxe6 Rxe6 31.Rf1 Nd5 32.Re4 Nc3 33.Ree1 Nxa2 34.Ra1 Nc3 35.Rxa7 Ne2+ 36.Kh1 Re7
37.f5 g3 38.f6 Rc7 39.e6 Nd4 40.Re1 Nxe6 41.Rxe6 gxh2 42.Rd6 c5 43.Kxh2 c4
44.bxc4 Rxc4 45.Nf7+ Kg8 46.Rxb7 Rc5 47.Rdd7 Rh5+ 48.Kg3 Rh1 49.Rd8 Rxd8
50.Nxd8 Re1 51.Re7  1-0

[Event "Buenos Aires Najdorf op"]
[Site "Buenos Aires"]
[Date "1993.??.??"]
[Round "10"]
[White "Rodriguez, Jorge Luis"]
[Black "Devcic, Marcos"]
[Result "1-0"]
[WhiteElo "2365"]
[BlackElo "2305"]

1.d4 d5 2.c4 dxc4 3.e4 Nf6 4.e5 Nd5 5.Bxc4 Nb6 6.Bb3 Nc6 7.Be3 Bf5 8.Ne2 e6
9.Nbc3 Be7 10.O-O Nb4 11.Ng3 Bg6 12.f4 N4d5 13.Qf3 c6 14.Rad1 O-O 15.Bc1 a5
16.f5 exf5 17.Nxf5 Nxc3 18.bxc3 a4 19.Bc2 Re8 20.Be4 Qd7 21.h4 Qe6 22.h5 Bxf5
23.Bxf5 Qxa2 24.h6 g6 25.e6 Bf8 26.Bxg6 fxg6 27.Qf7+ Kh8 28.Bg5 Nd5 29.e7  1-0

[Event "Cannes op"]
[Site "Cannes"]
[Date "1993.??.??"]
[Round "8"]
[White "Inkiov, Ventzislav"]
[Black "Howell, James C"]
[Result "1/2-1/2"]
[WhiteElo "2470"]
[BlackElo "2470"]

1.d4 d5 2.c4 dxc4 3.e4 e5 4.Nf3 exd4 5.Qxd4 Qxd4 6.Nxd4 Nf6 7.Nc3 Bc5 8.Ndb5 Na6
9.Bf4 Be6 10.Nxc7+ Nxc7 11.Bxc7 O-O 12.Be2 Rac8 13.Be5 a6 14.Rd1 b5 15.a3 Rfd8
16.O-O Kf8 17.h3 Nd7 18.Bd6+ Ke8 19.Rfe1 Bxd6  1/2-1/2

[Event "Copenhagen OBRO"]
[Site "Copenhagen"]
[Date "1993.??.??"]
[Round "7"]
[White "Arkell, Keith C"]
[Black "Bus, Mariusz"]
[Result "1-0"]
[WhiteElo "2460"]
[BlackElo "2375"]

1.d4 d5 2.c4 dxc4 3.e4 c5 4.Nf3 cxd4 5.Qxd4 Qxd4 6.Nxd4 a6 7.Bxc4 e6 8.Be3 Nf6
9.f3 b5 10.Be2 Bb7 11.a4 bxa4 12.Rxa4 Bc5 13.Kf2 Nfd7 14.Rc1 Ke7 15.Nf5+ exf5
16.Bxc5+ Nxc5 17.Rxc5 Bc6 18.Rac4 fxe4 19.Rxc6 Nxc6 20.Rxc6 Rhc8 21.Rxc8 Rxc8
22.Nc3 exf3 23.Kxf3 a5 24.Ke3 Kd6 25.Kd4 Rb8 26.Bb5 f5 27.b3 h6 28.Bc4 Re8
29.Bd5 Rb8 30.h3 g5 31.Na4 h5 32.Nb2 Rb4+ 33.Nc4+ Ke7 34.Ke5 Rxb3 35.Nxa5 Rd3
36.Nc6+ Kf8 37.Nd4 Kg7 38.Nxf5+ Kg6 39.Ne7+ Kg7 40.Kf5 Re3 41.Nc6 Rg3 42.Bf3  1-0

[Event "Cuxhaven op"]
[Site "Cuxhaven"]
[Date "1993.??.??"]
[Round "4"]
[White "Dobosz, Henryk"]
[Black "Bode, Wilfried"]
[Result "1-0"]
[WhiteElo "2430"]
[BlackElo "2365"]

1.d4 d5 2.c4 dxc4 3.e4 e5 4.Nf3 Bb4+ 5.Nc3 exd4 6.Qxd4 Qxd4 7.Nxd4 Nf6 8.f3 a6
9.Bxc4 b5 10.Be2 c5 11.Nc2 Ba5 12.O-O Be6 13.Be3 Nbd7 14.a4 b4 15.Nb1 O-O
16.Nd2 Rfd8 17.Nc4 Bxc4 18.Bxc4 Ne5 19.Be2 c4 20.Rfd1 b3 21.Nd4 Bb6 22.Nf5 Ba5
23.Bd4 Nfd7 24.f4 Nc6 25.Bxc4 Nxd4 26.Nxd4 Nf6 27.Nxb3 Bb6+ 28.Kf1 Ng4 29.Ke2 Nxh2
30.Rxd8+ Bxd8 31.Rd1 Be7 32.Rd7 Kf8 33.Nd4 Ke8 34.Rb7 g6  1-0

[Event "Doha"]
[Site "Doha"]
[Date "1993.??.??"]
[Round "2"]
[White "Kuzmin, Alexey"]
[Black "Murshed, Niaz"]
[Result "1/2-1/2"]
[WhiteElo "2555"]
[BlackElo "2525"]

1.d4 d5 2.c4 dxc4 3.e4 c5 4.d5 Nf6 5.Nc3 b5 6.Bf4 Qa5 7.f3 g5 8.Bxg5 Nbd7
9.Ne2 Bg7 10.Ng3 b4 11.Na4 Ne5 12.Be3 h5 13.h4 Bh6 14.Bxh6 Rxh6 15.a3 Qc7
16.f4  1/2-1/2

[Event "Dresden op"]
[Site "Dresden"]
[Date "1993.??.??"]
[Round "?"]
[White "Sergeev, Vladimir"]
[Black "Wichmann, Cliff"]
[Result "1-0"]
[WhiteElo "2440"]
[BlackElo "2215"]

1.d4 d5 2.c4 dxc4 3.e4 e5 4.Nf3 exd4 5.Bxc4 Bb4+ 6.Nbd2 Nf6 7.Bxf7+ Kxf7
8.Qb3+ Ke8 9.Qxb4 Nc6 10.Qb3 Qe7 11.O-O Nd7 12.a3 Rf8 13.Qc2 Nde5 14.Nxe5 Nxe5
15.b4 Be6 16.f3 c6 17.f4 Ng4 18.Nf3 Rd8 19.f5 Bc8 20.Bg5 Ne3 21.Qd3 Qd7 22.Bxd8 Nxf1
23.Bg5 Ne3 24.Bxe3 dxe3 25.Qxe3 Qe7 26.Qxa7 Kf7 27.Qc5 Qxc5+ 28.bxc5 Rd8
29.Kf2 Ke7 30.Ke3 Bd7 31.Rb1 Ra8 32.Rxb7 Rxa3+ 33.Kf4 Kd8 34.Ke5  1-0

[Event "Dublin zt"]
[Site "Dublin"]
[Date "1993.??.??"]
[Round "6"]
[White "Arkell, Keith C"]
[Black "Kumaran, Dharshan"]
[Result "1/2-1/2"]
[WhiteElo "2450"]
[BlackElo "2385"]

1.d4 d5 2.c4 dxc4 3.e4 e5 4.Nf3 exd4 5.Qxd4 Qxd4 6.Nxd4 Nf6 7.f3 Bc5 8.Nb5 Na6
9.Bf4 Be6 10.Nd2 O-O-O 11.Bxc4 c6 12.Nc3 Nb4 13.Bxe6+ fxe6 14.Ke2 Nd3 15.Bg5 h6
16.Be3 Bxe3 17.Kxe3 Nxb2 18.Rhc1 Nd3 19.Rc2 Nb4 20.Rcc1 Nd3 21.Rc2 Ne5 22.Na4 g5
23.Nb3 Rhe8 24.Rc5 Nfd7 25.Rc3 Nb6 26.Nb2 Rd6 27.h4 Rdd8 28.hxg5 hxg5 29.Nd4 Rd6
30.Rh1 Red8 31.Nb3 a5 32.a4 Nbc4+ 33.Nxc4 Nxc4+ 34.Rxc4 Rd3+ 35.Kf2 Rxb3
36.Rc5 g4 37.Rxa5 Kc7 38.Rh7+  1/2-1/2

[Event "Dublin zt"]
[Site "Dublin"]
[Date "1993.??.??"]
[Round "10"]
[White "Kumaran, Dharshan"]
[Black "Howell, James C"]
[Result "1/2-1/2"]
[WhiteElo "2385"]
[BlackElo "2470"]

1.d4 d5 2.c4 dxc4 3.e4 e5 4.Nf3 exd4 5.Bxc4 Bb4+ 6.Bd2 Bxd2+ 7.Nbxd2 Nc6
8.O-O Qf6 9.b4 a6 10.e5 Qg6 11.Nb3 Bg4 12.Bd3 Qh5 13.Be4 Nge7 14.h3 Bf5 15.Bxc6+ Nxc6
16.Nfxd4 Qxd1 17.Rfxd1 Bd7 18.Nxc6 Bxc6 19.a4 b6 20.a5 bxa5 21.Nxa5 Bb5 22.Rac1 Rd8
23.f4 Rxd1+ 24.Rxd1 f6 25.exf6 O-O 26.f7+  1/2-1/2

[Event "Eger"]
[Site "Eger"]
[Date "1993.??.??"]
[Round "1"]
[White "Bali, Janos"]
[Black "Labahn, Wolfgang"]
[Result "0-1"]
[WhiteElo "2235"]
[BlackElo "2225"]

1.d4 d5 2.c4 dxc4 3.e4 c5 4.d5 Nf6 5.Nc3 b5 6.e5 b4 7.exf6 bxc3 8.bxc3 exf6
9.Bxc4 Bd6 10.Qe2+ Kf8 11.Nf3 Bg4 12.O-O Nd7 13.h3 h5 14.Rd1 Qc7 15.Be3 g5
16.hxg4 hxg4 17.Nxg5 fxg5 18.Bb5 Bh2+ 19.Kf1 Ne5 20.Qd2 a6 21.Ba4 Nc4 22.Qe2 Nxe3+
23.Qxe3 Bf4 24.Qe4 Rb8 25.Bb3 Re8  0-1

[Event "Eger"]
[Site "Eger"]
[Date "1993.??.??"]
[Round "8"]
[White "Bali, Janos"]
[Black "Meszaros, Andras"]
[Result "0-1"]
[WhiteElo "2235"]
[BlackElo "2390"]

1.d4 d5 2.c4 dxc4 3.e4 Nc6 4.Nf3 Bg4 5.Be3 e5 6.d5 Nb8 7.Nc3 a6 8.a4 Bd6
9.Bxc4 Nd7 10.Be2 Bxf3 11.Bxf3 Ne7 12.O-O Ng6 13.g3 Qf6 14.Bg4 h5 15.Bxh5 Nf4
16.Bg4 Ke7 17.h3 Nxh3+ 18.Kg2 Nf4+ 19.gxf4 exf4 20.Bd4 f3+ 21.Qxf3 Qxd4 22.Ne2 Rh2+
23.Kg1 Qf6 24.Ng3 Qxf3 25.Bxf3 Bxg3 26.fxg3 Rxb2 27.Rab1 Rxb1 28.Rxb1 Ne5
29.Be2 b6 30.Kf2 Kd6 31.Ke3 a5 32.Rh1 Re8 33.Bb5 Re7 34.Rc1 g6 35.Kf4 f6
36.Rh1 Rf7 37.Rh8 Kc5 38.Rg8 Kd4 39.Be8 Re7 40.Bxg6 Nxg6+ 41.Rxg6 Rxe4+ 42.Kf5 Kxd5
43.Rxf6 Rxa4 44.Rf7 Ra1 45.Rxc7 Rf1+ 46.Kg5 a4 47.Ra7 b5 48.g4 Kc4  0-1

[Event "ESP-chT"]
[Site "?"]
[Date "1993.??.??"]
[Round "?"]
[White "Garcia Trobat, Francisco"]
[Black "De la Villa Garcia, Jesus Maria"]
[Result "0-1"]
[WhiteElo "2330"]
[BlackElo "2440"]

1.d4 d5 2.c4 dxc4 3.e4 Nc6 4.Nf3 Bg4 5.Bxc4 e6 6.Bb5 Ne7 7.Nbd2 a6 8.Be2 Ng6
9.h3 Bxf3 10.Nxf3 Bb4+ 11.Kf1 Qd7 12.Be3 f5 13.d5 exd5 14.exd5 Nce7 15.a3 Bd6
16.Qb3 O-O 17.h4 f4 18.Bd4 Nf5 19.h5 Nge7 20.h6 Nxh6 21.Ne5 Bxe5 22.Bxe5 Nf7
23.Bxf4 Nxd5 24.Rd1 c6 25.Qg3 Qf5 26.Rh4 Rad8 27.Bd3 Nxf4 28.Rxf4 Qh5 29.f3 Qh1+
30.Ke2 Rfe8+ 31.Re4 Rxe4+ 32.fxe4 Qh5+ 33.Ke1 Qa5+ 34.Ke2 Qb6 35.b4 Qd4 36.e5 Kf8
37.e6 Qe5+ 38.Qxe5 Nxe5 39.Bxh7 Rxd1 40.Kxd1 Ke7 41.Kc2 Nc4 42.a4 Ne3+ 43.Kd3 Nxg2
44.Ke4 Kxe6 45.Kf3 Nh4+ 46.Kg4 Ng2 47.Kf3 Kd5 48.b5 Nh4+ 49.Kg4 cxb5 50.axb5 a5
51.Kxh4 Kc5 52.Bd3 a4 53.Kg5 a3 54.Bb1 Kxb5  0-1

[Event "ESP-chT"]
[Site "?"]
[Date "1993.??.??"]
[Round "?"]
[White "Gomez Esteban, Juan Mario"]
[Black "Magem Badals, Jorge"]
[Result "1-0"]
[WhiteElo "2450"]
[BlackElo "2505"]

1.d4 d5 2.c4 dxc4 3.e4 Nc6 4.Nf3 Bg4 5.Be3 e6 6.Nc3 Bxf3 7.gxf3 Qf6 8.Qa4 Bb4
9.O-O-O Ne7 10.Rg1 O-O 11.Rg3 h6 12.e5 Qf5 13.Bxh6 Ng6 14.Be3 Bxc3 15.bxc3 b5
16.Qa6 Ncxe5 17.dxe5 Rfd8 18.Rd4 c5 19.Rxd8+ Rxd8 20.Qa5 Rc8 21.Qxb5 Nxe5
22.Bxc4 Qh5 23.Be2 Qxh2 24.Qb7 Qh1+ 25.Kc2 Re8 26.Bxc5 Qa1 27.Qb1  1-0

[Event "Troll Masters"]
[Site "Gausdal"]
[Date "1993.??.??"]
[Round "1"]
[White "Djurhuus, Rune"]
[Black "Westerinen, Heikki MJ"]
[Result "0-1"]
[WhiteElo "2485"]
[BlackElo "2380"]

1.d4 d5 2.c4 dxc4 3.e4 e5 4.Nf3 exd4 5.Bxc4 Bb4+ 6.Bd2 Bxd2+ 7.Nbxd2 Nh6
8.O-O O-O 9.Nb3 Nc6 10.h3 Qe7 11.Qe2 Re8 12.Rfe1 Ne5 13.Nfxd4 c5 14.Nb5 Nxc4
15.Qxc4 b6 16.a4 Be6 17.Qc3 Rad8 18.Nd2 Bxh3 19.gxh3 Qg5+ 20.Kf1 Qxd2 21.Nxa7 Qxc3
22.bxc3 Rd3 23.Reb1 Rxh3 24.Kg2 Rxc3 25.Rxb6 f5 26.Nb5 Rc2 27.Nd6 Rf8 28.e5 Ng4
29.a5 Rxf2+ 30.Kg1 f4 31.Ne4 Re2 32.a6 f3 33.a7 Rxe4 34.a8=Q f2+ 35.Kg2 f1=Q+
36.Rxf1 Rxa8  0-1

[Event "Wichern op"]
[Site "Hamburg"]
[Date "1993.??.??"]
[Round "4"]
[White "Michaelsen, Nils"]
[Black "Hansen, Lars"]
[Result "1/2-1/2"]
[WhiteElo "2435"]
[BlackElo "2275"]

1.d4 d5 2.c4 dxc4 3.e4 e5 4.Nf3 Bb4+ 5.Bd2 Bxd2+ 6.Nbxd2 exd4 7.Bxc4 Nc6
8.O-O Nf6 9.e5 Nd5 10.Nb3 O-O 11.Nbxd4 Nxd4 12.Qxd4 Nb6 13.Bb3 Be6 14.Bxe6 fxe6
15.Qb4 Qe8 16.Qb3 Qg6 17.Nd4 Nd5 18.Qg3 Qh6 19.Rad1 c5 20.Ne2 Rf5 21.Qb3 Raf8
22.Ng3 Rxe5 23.Qxb7 Qg6 24.Rde1 Rxe1 25.Rxe1 Qc2 26.Rf1 Nf4 27.Qxa7 Qxb2
28.Qxc5 Qxa2 29.Nh5 Qd5 30.Qxd5 Nxd5 31.Re1 Rb8 32.Ng3 Kf7 33.Ne4 h6 34.g3 Rb6
35.h4 Nf6 36.Nc5 Rc6 37.Nd3 Rc2 38.Kg2 Ke7 39.Nf4 Rc6 40.Re2 Ra6  1/2-1/2

[Event "Heraklio summer"]
[Site "Heraklio"]
[Date "1993.??.??"]
[Round "4"]
[White "Vragoteris, Antonios"]
[Black "Semkov, Semko"]
[Result "0-1"]
[WhiteElo "2310"]
[BlackElo "2465"]

1.d4 d5 2.c4 dxc4 3.e4 c5 4.Nf3 cxd4 5.Qxd4 Qxd4 6.Nxd4 a6 7.Bxc4 e6 8.Nc3 Bd7
9.Be3 Nc6 10.Nxc6 Bxc6 11.f3 Nf6 12.Kf2 Nd7 13.Rhd1 Bc5 14.Rd2 Bxe3+ 15.Kxe3 g5
16.Rad1 Ke7 17.Ne2 Ne5 18.Bb3 Rhc8 19.Rc1 Bb5 20.Rdc2 Rxc2 21.Rxc2 Bxe2 22.Kxe2 Rd8
23.Rc7+ Rd7 24.Rxd7+ Kxd7 25.Ke3 Kd6 26.g3 Kc5 27.h4 gxh4 28.gxh4 b5 29.f4 Nc4+
30.Bxc4 bxc4 31.e5 a5 32.h5 h6 33.a4 Kd5 34.Kd2 Ke4 35.Kc3 Kxf4 36.Kd4 Kf5
37.Kxc4 Kxe5  0-1

[Event "Heraklio op"]
[Site "Heraklio"]
[Date "1993.??.??"]
[Round "9"]
[White "Sturua, Zurab"]
[Black "Drasko, Milan"]
[Result "1/2-1/2"]
[WhiteElo "2540"]
[BlackElo "2520"]

1.d4 d5 2.c4 dxc4 3.e4 Nc6 4.Be3 Nf6 5.Nc3 e5 6.d5 Ne7 7.Bxc4 Ng6 8.Bb5+ Nd7
9.g3 a6 10.Bf1 Bd6 11.Bg2 O-O 12.Nge2 Ne7 13.O-O f5 14.f4 Nf6  1/2-1/2

[Event "Herzliya"]
[Site "Herzliya"]
[Date "1993.??.??"]
[Round "1"]
[White "Lev, Ronen"]
[Black "Afek, Yochanan"]
[Result "1-0"]
[WhiteElo "2465"]
[BlackElo "2430"]

1.d4 d5 2.c4 dxc4 3.e4 c5 4.d5 e6 5.Bxc4 Nf6 6.Nc3 exd5 7.Nxd5 Nxd5 8.Bxd5 Be7
9.Ne2 O-O 10.O-O Qb6 11.Be3 Nc6 12.Rb1 Nb4 13.Nc3 Be6 14.Na4 Qc7 15.Bxe6 fxe6
16.a3 Na6 17.Qg4 Qe5 18.Nc3 Nc7 19.f4 Qf6 20.f5 Rad8 21.Rbd1 exf5 22.exf5 b6
23.Bf4 Ne8 24.Rxd8 Bxd8 25.Rd1 Qh4 26.Qe2 Bg5 27.Bg3 Qh6 28.Re1 Bd2 29.Qc4+ Kh8
30.Re6 Nf6 31.Nd5 Bg5 32.Qe2 Bh4 33.Bf4 Bg5 34.Nxf6 gxf6 35.Bd6 Rg8 36.g3 Bc1
37.Be7 Bg5 38.Kg2 Qg7 39.Qe4 Re8 40.Bxf6  1-0

[Event "Herzliya"]
[Site "Herzliya"]
[Date "1993.??.??"]
[Round "2"]
[White "Boensch, Uwe"]
[Black "Gofshtein, Leonid D"]
[Result "1-0"]
[WhiteElo "2525"]
[BlackElo "2540"]

1.d4 d5 2.c4 dxc4 3.e4 Nc6 4.Nf3 Bg4 5.d5 Ne5 6.Bf4 Ng6 7.Be3 e5 8.Nc3 Nf6
9.Bxc4 Bd6 10.h3 Bd7 11.Qc2 O-O 12.O-O-O a6 13.Rhe1 Qe7 14.Kb1 Rfc8 15.Bf1 b5
16.Nd2 c5 17.dxc6 Bxc6 18.Qd3 Bb4 19.Nd5 Bxd5 20.exd5 Rd8 21.Bg5 h6 22.Bxf6 Qxf6
23.Qb3 Bf8 24.Ne4 Qb6 25.Rd2 f5 26.d6+ Kh7 27.Ng3 Rxd6 28.Rxd6 Bxd6 29.Qc2 Bc5
30.Nxf5 Bxf2 31.Rc1 Kh8 32.Qe4 Rd8 33.Bd3 Bc5 34.h4 Nf4 35.Bc2 Ng6 36.h5 Nf8
37.Qxe5 Bd4 38.Nxd4 Qxd4 39.Qf5 Qd5 40.Qg4 Qe5 41.Rf1 Re8 42.a3 Qd5 43.Rd1 Qc6
44.g3 a5 45.Qf5 b4 46.a4 Qc4 47.Rf1 Kg8 48.Qf3 Qc7 49.Qd5+ Kh8 50.Qe4  1-0

[Event "HUN-chT"]
[Site "HUN"]
[Date "1993.??.??"]
[Round "?"]
[White "Szabo, Zsolt"]
[Black "Szakolczai, Peter"]
[Result "0-1"]
[WhiteElo "2275"]
[BlackElo "2245"]

1.d4 d5 2.c4 dxc4 3.e4 c5 4.d5 Nf6 5.Nc3 e6 6.Bxc4 exd5 7.exd5 a6 8.Bf4 Bd6
9.Qe2+ Kf8 10.Bg5 h6 11.Bh4 g5 12.Bg3 Kg7 13.Qd2 Re8+ 14.Kf1 b5 15.Bb3 b4
16.Nd1 Ne4 17.Qc1 Qe7 18.Ne3 Bxg3 19.hxg3 Qf6 20.Nf3 g4 21.Rh4 gxf3 22.Rf4 Qe5
23.Rxf3 a5 24.Kg1 Ra6 25.Nc4 Qg5 26.Rf4 Rf6 27.Qe3 Rxf4 28.gxf4 Qf6 29.Ne5 Bf5
30.f3 Ng3 31.Qf2 Nh5 32.d6 Nxf4 33.Nxf7 Qg6 34.Qd2 Re2  0-1

[Event "Jakarta Interzonal (Women)"]
[Site "Jakarta"]
[Date "1993.??.??"]
[Round "?"]
[White "Matveeva, Svetlana"]
[Black "Galliamova, Alisa"]
[Result "0-1"]
[WhiteElo "2395"]
[BlackElo "2435"]

1.d4 d5 2.c4 dxc4 3.e4 e5 4.Nf3 exd4 5.Bxc4 Bb4+ 6.Nbd2 Nc6 7.O-O Qf6 8.e5 Qg6
9.Nh4 Qg4 10.Ndf3 Be6 11.h3 Qe4 12.Bd3 Qd5 13.Ng5 Nge7 14.f4 O-O-O 15.a3 Bc5
16.b4 Bb6 17.Bd2 Qb3 18.Nxe6 Qxd1 19.Rfxd1 fxe6 20.Nf3 h6 21.a4 a5 22.bxa5 Nxa5
23.Rab1 Nd5 24.Rxb6 cxb6 25.Nxd4 Nxf4 26.Bxf4 Rxd4 27.Be3 Rxa4 28.Bb5 Re4
29.Bxb6 Rxe5 30.Bd7+ Kb8 31.Bd4 Re4 32.Bxg7 Rh7 33.Bc3 Nc6 34.Be8 Rc7 35.Bg6 Rc4
36.Bf6 e5 37.Be8 Rf4 38.Rd6 Ka7 39.g4 Rd4 40.Re6 Rd2 41.Bxc6 Rxc6 42.Rxc6 bxc6
43.Bxe5 Re2 44.Bg7 Re6 45.Kf2 Kb6 46.Kf3 Kc7 47.h4 Kd7 48.Bd4 Ke7 49.Kf4 Kf7
50.Be3 Kg6 51.h5+ Kf7 52.Bd4 Rd6 53.Be3 Rf6+ 54.Kg3 Re6 55.Bb6 Re4 56.Kf3 Rb4
57.Bf2 Rc4 58.Bb6 c5 59.Kg3 Rc1 60.Kf3 c4 61.Be3 Rh1 62.Kg2 Rd1 63.Bxh6 c3  0-1

[Event "Jakarta Interzonal (Women)"]
[Site "Jakarta"]
[Date "1993.??.??"]
[Round "?"]
[White "Amura, Claudia Noemi"]
[Black "Csoke, Adrienn"]
[Result "1/2-1/2"]
[WhiteElo "2365"]
[BlackElo "2235"]

1.d4 d5 2.c4 dxc4 3.e4 c5 4.d5 e6 5.Nc3 exd5 6.Nxd5 Ne7 7.Bxc4 Nxd5 8.Bxd5 Be7
9.Qh5 O-O 10.Nf3 Nd7 11.Ng5 Bxg5 12.Bxg5 Nf6 13.Bxf6  1/2-1/2